000 00450nam a2200133Ia 4500
008 160809s9999 xx 000 0 und d
100 _aZgallai, Walid A.
245 _aMUSIC Incorporating Uterine Contraction in Non-invasive Fetal Heartbeat Detection
245 _cWalid A. Zgallai.
260 _bComputer Science and Information Technology
260 _cJanuary 2016
650 _xINFORMATION TECHNOLOGY
856 _uhttp://airccse.org/V6N49.html
999 _c300064
_d300064